000
00271nam a22001097a 4500
008
180802b xxu||||| |||| 00| 0 eng d
082
_a
813.52
245
_a
Preconception Health for Every Women
_c
Distance Learning
260
_c
2006
300
_a
1
_f
CD
942
_2
ddc
_c
MX
999
_c
46705
_d
46705